Normal view
MARC view
Entry Personal Name
001 - CONTROL NUMBER
- control field: 48751
003 - CONTROL NUMBER IDENTIFIER
- control field: dpl
005 - DATE AND TIME OF LATEST TRANSACTION
- control field: 20120608152318.0
008 - FIXED-LENGTH DATA ELEMENTS
- fixed length control field: 120608|||a|||||| | ||| d
040 ## - CATALOGING SOURCE
- Original cataloging agency: dpl
- Transcribing agency: dpl
100 ## - HEADING--PERSONAL NAME
- Personal name: Geeta, D
670 ## - SOURCE DATA FOUND
- Source citation: Work cat.: (dpl): Cariappa, Meena 48750, How to help your disabled child /, 1997
670 ## - SOURCE DATA FOUND
- Source citation: Work cat.: (dpl): Cariappa, Meena 48750, How to help your disabled child /, 1997
